000 00354nam a2200157Ia 4500
005 20250603145813.0
008 250603s9999 xx 000 0 und d
020 _a0- 13- 880385- 4
050 _aTA342.035/
100 _aKatsuhiko Ogata
245 0 _aSystem dynamics
260 _bPrentice- Hall
260 _c1978
300 _a596 p
942 _cBK
999 _c42903
_d42903